| 000 | 00000nam##2200000za#4500 |
| 001 | 9.536779 |
| 003 | CaOODSP |
| 005 | 20210615084430 |
| 007 | ta |
| 008 | 150406|2002||||xxc||||| f|0| 0 fre|d |
| 020 | |a0-660-62096-0 |
| 040 | |aCaOODSP|bfre |
| 041 | |aeng |
| 041 | |afre |
| 043 | |an-cn--- |
| 086 | 1 |aBT31-4/17-2002 |
| 110 | 1 |aCanada. |bConseil du trésor. |
| 245 | 10|aCommission canadienne de la sûreté nucléaire |
| 260 | |aOttawa - Ontario : |bSecrétariat du Conseil du Trésor du Canada |c2002. |
| 300 | |a29p. : |borganigrammes, tableaux ; |c28 cm. |
| 490 | 1 |aRapport sur le rendement pour la période se terminant le 31 mars 2002 |
| 563 | |aCouverture souple |
| 590 | |a02-46|b2002-11-15 |
| 691 | 07|aÉnergie nucléaire|2gcpds |
| 691 | 07|aInstitution fédérale|2gcpds |
| 691 | 07|aPrévisions budgétaires|2gcpds |
| 691 | 07|aSécurité|2gcpds |
| 776 | 0#|tCanadian Nuclear Safety Commission, performance report for the period ending March 31, 2002 |w(CaOODSP)9.572943 |
| 776 | 0#|tCommission canadienne de sûreté nucléaire, rapport sur le rendement pour la période se terminant le 31 mars 2002 |w(CaOODSP)9.603188 |
| 791 | |tCanadian Nuclear Safety Commission |eeng|w(CaOODSP)9.536778 |
| 830 | #0|aRapport sur le rendement pour la période se terminant le 31 mars 2002.|w(CaOODSP)9.510739 |